| 000 | 00527nam a2200145Ia 4500 | ||
|---|---|---|---|
| 008 | 210210b2002 xxu||||| |||| 00| 0 eng d | ||
| 082 | _a636 INDH | ||
| 100 | _aINDIAN COUNCIL OF AGRICULTURAL RESEARCH | ||
| 245 | _aHandbook of animal husbandry. | ||
| 260 |
_aND _bIndian council of Agricultural Research _c2002 |
||
| 300 | _a1234 | ||
| 650 | _aAnimal husbandry cattle pigs buffalo sheep camel goat horse rabbit paultry livestock veterinaryDairy meat beekeeping fish fisheries | ||
| 690 | _aAnimal Husbandry | ||
| 906 | _a059669 | ||
| 999 |
_c106549 _d106549 |
||